Sinh học (Phần di truyền học)
Uloženo v:
| Hlavní autor: | |
|---|---|
| Médium: | Kniha |
| Jazyk: | Undetermined |
| Vydáno: |
Hà Nội
Giáo Dục
1998
|
| Témata: | |
| Tagy: |
Přidat tag
Žádné tagy, Buďte první, kdo otaguje tento záznam!
|
| Thư viện lưu trữ: | Trung tâm Học liệu Trường Đại học Cần Thơ |
|---|
| LEADER | 00583nam a2200217Ia 4500 | ||
|---|---|---|---|
| 001 | CTU_178358 | ||
| 008 | 210402s9999 xx 000 0 und d | ||
| 020 | |c 9600 | ||
| 082 | |a 576.5 | ||
| 082 | |b C978 | ||
| 100 | |a Curtis, Helena | ||
| 245 | 0 | |a Sinh học | |
| 245 | 0 | |b (Phần di truyền học) | |
| 245 | 0 | |c Helena Curtis; Dịch giả: Phan Cự Nhân | |
| 260 | |a Hà Nội | ||
| 260 | |b Giáo Dục | ||
| 260 | |c 1998 | ||
| 650 | |a Genetics | ||
| 650 | |x Di truyền học | ||
| 910 | |a Nguyên | ||
| 980 | |a Trung tâm Học liệu Trường Đại học Cần Thơ | ||